000 00448nam a2200181Ia 4500
001 13867
005 20260306164832.0
008 260306t2001||||xx |||||||||||||| ||spa||
041 _aESP
082 _a005.43
_bF38
100 _aFerreyra Cortés, Gonzalo
_eAUT
245 0 _aWindows Me:
_bMillennium Edition. Paso a paso
260 _c2001
300 _a296 páginas :
_c23 cm.
650 _aGEN
654 _aCCC
942 _cLIB
_dJUS
_fJUS
_2ddc
_n
999 _c13867
_d13867